Социальная политика и национальные отношения: по материалам всесоюзной научно-практической конференции "Развитие национальных отношений в условиях зрелого социализма. Опыт и проблемы патриотического и интернационального воспитания" (Рига, 28-30 июня 1982 г.)

Podrobná bibliografie
Korporativní autor: Развитие национальных отношений в условиях зрелого социализма. Опыт и проблемы патриотического и интернационального воспитания" (570)
Další autoři: Правотворов В. Ф. (автор)
Jazyk:ruština
Vydáno: Москва, Мысль, 1982
Edice:Опыт и актуальные проблемы идеологической работы
Témata:
Médium: Kniha
KOHA link:https://koha.lib.tpu.ru/cgi-bin/koha/opac-detail.pl?biblionumber=300477

MARC

LEADER 00000nam0a2200000 4500
001 300477
005 20231102001315.0
020 |a RU  |b 82-75157 
035 |a (RuTPU)RU\TPU\book\325630 
090 |a 300477 
100 |a 20150710d1982 km y0rusy5003 ca 
101 0 |a rus 
102 |a RU 
105 |a y z 101zy 
200 1 |a Социальная политика и национальные отношения  |e по материалам всесоюзной научно-практической конференции "Развитие национальных отношений в условиях зрелого социализма. Опыт и проблемы патриотического и интернационального воспитания" (Рига, 28-30 июня 1982 г.)  |f сост. В. Ф. Правоторов 
210 |a Москва  |c Мысль  |d 1982 
215 |a 213 с. 
225 1 |a Опыт и актуальные проблемы идеологической работы 
320 |a Библиография в ссылках. 
606 1 |a Национальная политика  |y Россия  |y СССР  |2 stltpush  |3 (RuTPU)RU\TPU\subj\45199  |9 64457 
610 1 |a социальная политика 
610 1 |a КПСС 
610 1 |a национальные отношения 
610 1 |a социальное развитие 
610 1 |a этнические отношения 
610 1 |a интернациональные связи 
610 1 |a патриотическое воспитание 
610 1 |a интернациональное воспитание 
610 1 |a миграционные процессы 
610 1 |a конференции 
686 |a Ф5(2)л0  |2 rubbk 
702 1 |a Правотворов  |b В. Ф.  |4 070 
712 1 2 |a Развитие национальных отношений в условиях зрелого социализма. Опыт и проблемы патриотического и интернационального воспитания"  |c конференция  |e Рига  |f 1982  |4 570 
801 0 |a RU  |b RuMRKP  |c 19950704  |g psbo 
801 1 |a RU  |b 63413507  |c 20150710 
801 2 |a RU  |b 63413507  |c 20190321  |g RCR 
942 |c BK